Il n'y a qu'un roi - Statistiques

Statistiques générales
  • Ce quiz a été pris 15 fois
  • Le résultat moyen est 231 sur 328
Statistiques - réponses
Hint Réponse % Correct
à
100%
a
100%
J’
100%
j'
100%
l'
100%
ai
80%
beau
80%
c'
80%
(Mufasa) | (Sarabi et Mufasa) | (Sarabi) C’
80%
ce
80%
change.
80%
connais
80%
dans
80%
de
80%
(Mufasa) Depuis
80%
dos.
80%
es
80%
étrange.
80%
face
80%
fais
80%
Je
80%
je
80%
là.
80%
le
80%
les
80%
Mais
80%
me
80%
(Mufasa) | (Sarabi) Moi
80%
moi.
80%
moi
80%
mots.
80%
n'
80%
ne
80%
(Sarabi) Ne
80%
pas
80%
qu'
80%
que
80%
Que
80%
Qui
80%
qui
80%
rien
80%
rien.
80%
roi
80%
sentiment
80%
t'
80%
te
80%
tourne
80%
trouve
80%
tu
80%
(Mufasa) | (Sarabi et Mufasa) | (Sarabi) Tu
80%
aie
60%
aimerai
60%
as
60%
aussi.
60%
bien
60%
cadeau.
60%
celui
60%
cette
60%
(Sarabi et Mufasa) | (Sarabi) Cette
60%
chemin.
60%
choisi.
60%
(Mufasa) Comme
60%
comment
60%
(Mufasa) Comment
60%
compté.
60%
Contre
60%
côtés.
60%
destin.
60%
(Mufasa) Dis
60%
dis
60%
dont
60%
durer.
60%
effroi.
60%
encore
60%
est
60%
fardeaux.
60%
fort
60%
fuis
60%
Il
60%
lequel
60%
mes
60%
mon
60%
nos
60%
notre
60%
nous.
60%
on
60%
60%
partages
60%
(Sarabi et Mufasa) Partout
60%
peur.
60%
peut
60%
plonge
60%
plus
60%
(Mufasa) Pour
60%
pour
60%
pourquoi
60%
pourtant
60%
(Sarabi et Mufasa) Près
60%
près
60%
princesse
60%
quand
60%
raison.
60%
rassurer.
60%
regarder.
60%
reine.
60%
rêve
60%
rêvé.
60%
sais
60%
savoir ?
60%
sens
60%
sentiments ?
60%
si
60%
suis
60%
suis.
60%
sur
60%
temps
60%
tes
60%
toi.
60%
toi
60%
tous
60%
tracé
60%
un
60%
une
60%
univers
60%
univers.
60%
vagabond.
60%
vais
60%
vois.
60%
vraiment.
60%
allège
40%
cachée.
40%
douleur
40%
douter ?
40%
fermer
40%
force.
40%
force
40%
placé
40%
yeux.
40%
bonheur
20%
devines
20%
oublier
0%
Aucun quiz correspondant
Distribution des résultats
% des personnes avec chaque résultat
Percentile par nombre de réponses
Votre historique - résultats
Vous n’avez pas pris ce quiz